| 000 | 00833nam a22002297a 4500 | ||
|---|---|---|---|
| 005 | 20100812114028.0 | ||
| 010 | _aENG-99866 | ||
| 020 |
_a9788189973964 _c950.00 |
||
| 020 |
_a8189973967 _c950.00 |
||
| 035 | _aEN-83398 | ||
| 037 | _bDBAD/PUB | ||
| 082 | _a954.133 | ||
| 100 |
_aYamin, Mohammed _911745 |
||
| 245 |
_aImpact of islam on Orissan culture / _cby Mohammed Yamin |
||
| 260 |
_aNew Delhi _bReadworthy Publications _c2009 |
||
| 270 |
_bNew Delh _aA-18, Mohan Garden Near Nawada Metro Station _e11005906 |
||
| 300 |
_aix, 306p. _c22cm (Hb) |
||
| 500 | _aIncludes bibliographical references and index | ||
| 700 | _911666 | ||
| 942 |
_2ddc _cEN _h954.133 _mYAM |
||
| 999 |
_c41343 _d41343 |
||